Catálogo
 En Linea

Crónica del abismo : (Registro nro. 43334)

Detalles MARC
000 -CABECERA
campo de control de longitud fija 00428nam a2200133 a 4500
001 - NÚMERO DE CONTROL
campo de control 000043845
005 - FECHA Y HORA DE LA ÚLTIMA TRANSACCIÓN
campo de control 20201002045012.0
008 - DATOS DE LONGITUD FIJA--INFORMACIÓN GENERAL
campo de control de longitud fija 140507s2008 sp 000 0 spa d
040 ## - FUENTE DE LA CATALOGACIÓN
Centro catalogador/agencia de origen DO-SdBNP
Lengua de catalogación spa
Centro/agencia transcriptor BNPHU
100 1# - ENTRADA PRINCIPAL--NOMBRE DE PERSONA
Nombre de persona García Pintado, Ángel
9 (RLIN) 71706
245 10 - MENCIÓN DE TÍTULO
Título Crónica del abismo :
Resto del título (poema inacabado) /
Mención de responsabilidad, etc. Ángel García Pintado.
260 ## - PUBLICACIÓN, DISTRIBUCIÓN, ETC.
Lugar de publicación, distribución, etc. [Murcia, España] :
Nombre del editor, distribuidor, etc. Contraste publicaciones,
Fecha de publicación, distribución, etc. 2008.
300 ## - DESCRIPCIÓN FÍSICA
Extensión 94 p. ;
Dimensiones 20 cm.
Existencias
Estado de retiro Estado de pérdida Restricciones de uso No para préstamo Código de colección Localización permanente Ubicación/localización actual Ubicación en estantería Fecha de adquisición Número de inventario Total de préstamos Signatura topográfica completa Código de barras Fecha visto por última vez Precio válido a partir de Tipo de ítem Koha
      Excluido de préstamo Monografías: Libros y Folletos General General En catalogación 07.05.2014 LF1   43845-10 25.06.2020 25.06.2020 No se presta

Con tecnología Koha